Making the White Man's West (Record no. 353108)
[ view plain ]
| 000 -LEADER | |
|---|---|
| fixed length control field | 00684nam a2200133Ia 4500 |
| 008 - FIXED-LENGTH DATA ELEMENTS--GENERAL INFORMATION | |
| fixed length control field | 171212s9999 xx 000 0 und d |
| 020 ## - INTERNATIONAL STANDARD BOOK NUMBER | |
| International Standard Book Number | 9781607323952 |
| 100 ## - MAIN ENTRY--PERSONAL NAME | |
| Personal name | Pierce, Jason E. |
| 245 ## - TITLE STATEMENT | |
| Statement of responsibility, etc | Pierce, Jason E. |
| Title | Making the White Man's West |
| Remainder of title | Whiteness and the Creation of the American West |
| 260 ## - PUBLICATION, DISTRIBUTION, ETC. (IMPRINT) | |
| Name of publisher, distributor, etc | University Press of Colorado |
| Date of publication, distribution, etc | 2016 |
| 650 ## - SUBJECT ADDED ENTRY--TOPICAL TERM | |
| Topical term or geographic name as entry element | History |
| 650 ## - SUBJECT ADDED ENTRY--TOPICAL TERM | |
| Topical term or geographic name as entry element | West (U.S.) -- Race relations -- History; Whites -- West (U.S.) -- History; Whites -- Race identity -- West (U.S.) -- History; British Americans -- West (U.S.) -- History; Racism -- West (U.S.) -- History; Cultural pluralism -- West (U.S.) -- History; Fro |
| 856 ## - ELECTRONIC LOCATION AND ACCESS | |
| Uniform Resource Identifier | <a href="http://jstor.org/stable/j.ctt19jcg63">http://jstor.org/stable/j.ctt19jcg63</a> |
| Withdrawn status | Lost status | Damaged status | Home library | Current library | Date acquired | Total Checkouts | Full call number | Date last seen | Price effective from | Koha item type |
|---|---|---|---|---|---|---|---|---|---|---|
| College Library | College Library | 12/12/2017 | F596.2.P54 2016 | 12/12/2017 | 12/12/2017 | Curriculum - Based eBooks |